LIBRARY & INFORMATION CENTRE, KCAET, TAVANUR

ONLINE PUBLIC ACCESS CATALOGUE (OPAC)

Molecular biology and genetic engineering / (Record no. 13309)

MARC details
000 -LEADER
fixed length control field 00432cam a2200169ua 4500
041 ## - LANGUAGE CODE
Language code of text/sound track or separate title eng
082 ## - DEWEY DECIMAL CLASSIFICATION NUMBER
Classification number 575.10724
Item number GUP/MO
100 ## - MAIN ENTRY--AUTHOR NAME
Personal name Gupta, P K .
245 ## - TITLE STATEMENT
Title Molecular biology and genetic engineering /
260 ## - PUBLICATION, DISTRIBUTION, ETC. (IMPRINT)
Place of publication Meerut :
Name of publisher Rastogi Publications ,
Year of publication 2006.
300 ## - PHYSICAL DESCRIPTION
Number of Pages 590 ; .
942 ## - ADDED ENTRY ELEMENTS (KOHA)
Koha item type Books
Holdings
Withdrawn status Lost status Damaged status Home library Current library Date acquired Full call number Accession Number Koha item type
      KAUAET KAUAET 07/04/2012 575.10724 21743 Books
free website counter